|
|
|
|
| LEADER |
00000cab a2200000 a 4500 |
| 001 |
vtls001510629 |
| 003 |
SK-MaSNL |
| 005 |
20260304210043.0 |
| 008 |
140912c20012002xo sr 0 0b0cze |
| 035 |
|
|
|a SPKCL12956
|
| 040 |
|
|
|a SPKCL
|b slo
|c SNKBUCL
|d SPK(LP)
|e AACR2
|
| 041 |
0 |
|
|a cze
|
| 044 |
|
|
|a xo
|c SK
|
| 080 |
|
|
|a 37.014.15(437.1/.3):373.2:373.3
|2 1981
|
| 100 |
1 |
|
|a Jurková, Marta
|4 aut
|9 1407493
|
| 245 |
1 |
0 |
|a Návrh nového školského zákona a předškolní vzdělávání
|c Marta Jurková
|
| 520 |
|
|
|a Priblíženie niektorých bodov školského zákona Českej republiky a Rámcového vzdělávacího programu pro předškolní vzdělávaní. Vymedzenia štátom stanoveného povinného rámca vzdelávania a školského vzdelávacieho programu.
|
| 610 |
1 |
7 |
|a Česko.
|b Ministerstvo školství, mládeže a tělovýchovy
|2 SNKKA
|9 154326
|
| 650 |
0 |
7 |
|a školský zákon
|2 SNKPH
|9 1042798
|
| 650 |
0 |
7 |
|a predškolská výchova
|2 SNKPH
|9 3959
|
| 651 |
|
7 |
|a Česko
|2 SNKPHgeo
|9 16753
|
| 655 |
|
7 |
|a články
|2 SNKPH
|9 70601
|
| 773 |
1 |
|
|t Predškolská výchova
|g Roč. 56, č. 4 (2001/2002) s. 24-25
|
| 850 |
|
|
|a Slovenská pedagogická knižnica Bratislava
|
| 852 |
|
|
|a SPKCL
|b KIS3GCP
|b 000710000
|n SK
|
| 999 |
|
|
|c 3124268
|d 3126198
|